| 000 | 00499nam a2200193Ia 4500 | ||
|---|---|---|---|
| 008 | 210210b1997 xxu||||| |||| 00| 0 eng d | ||
| 020 | _a81 219 1475 2 | ||
| 041 | _aeng | ||
| 082 | _a530.41 PURS | ||
| 100 | _aPURI (R K) | ||
| 245 | _aSolid state physics and electronics. | ||
| 250 | _a | ||
| 260 |
_aN D _bS. Chand & Co. Ltd. _c1997 |
||
| 300 | _axvi,560 | ||
| 650 | _aSolid State Physics Structure Electron | ||
| 690 | _aSolid State Physics | ||
| 700 | _aBABBAR (V K). | ||
| 906 | _a052370 | ||
| 999 |
_c100619 _d100619 |
||